000 00960nam a22002297a 4500
001 114631
003 DR-UNIBE
005 20260511093713.0
008 260511b2025 dr ||||| |||| 00| 0 spa d
040 _aBIBLIOTECA UNIBE
_bspa
_cBIBLIOTECA UNIBE
_erda
041 _aspa
082 _aF-RD 6043
110 2 _aPontificia Universidad Católica Madre y Maestra (PUCMM).
_bVicerrectoría de Investigación e Innovación
_9204716
245 _aSemana de la investigación 2025 :
_binteligencia artificial : transformando vidas, impulsando sociedades : programa de actividades
260 _aSantiago :
_bPontificia Universidad Católica Madre y Maestra (PUCMM),
_c2025
300 _a19 páginas :
_bilustraciones
650 7 _2lemb
_aInvestigación científica
_vCongresos
_9204723
650 7 _2lemb
_aInnovación tecnológica
_924243
650 7 _2lemb
_aMetodología científica
653 0 0 _aInteligencia artificial -- Aspectos sociales
942 _2ddc
_cMX
999 _c114631
_d114631